000 00614nam a2200181Ia 4500
999 _c32460
_d32460
003 OSt
005 20200805105958.0
008 190216s9999||||xx |||||||||||||| ||und||
020 _a9780070588837
040 _coclc
082 _a515.2433
_bSPI/T
100 _aSpiegel, Murray R
_9762
245 0 _aTheory And Problems Of Fourier Analysis With Applications to Boundary Value Problems /
_cMurray R Spiegel
260 _bMc Graw Hill Education (india) Private Limited,
_c2014.
_aNew Delhi:
300 _a191p
650 _aMathematics
942 _cBK
_2ddc
_h515.2433
_iSPI/T
_k515.2433
_mSPI/T